logo

Bir Sreshtho Munshi Abdur Rouf Library
Jhenaidah Cadet College

পল্লী উন্নয়ন পরিভাষা / (Record no. 4622)

MARC details
000 -LEADER
fixed length control field 00680nam a2200217 a 4500
001 - CONTROL NUMBER
JCCL Control Number 4622
003 - CONTROL NUMBER IDENTIFIER
JCCL marc code BD-JhCC
005 - DATE AND TIME OF LATEST TRANSACTION
control field 20171129102312.0
008 - FIXED-LENGTH DATA ELEMENTS--GENERAL INFORMATION
fixed length control field 870917s1985 bg 001 0 ben
035 ## - SYSTEM CONTROL NUMBER
system control number (BD-JhCC)
040 ## - CATALOGING SOURCE
Original cataloging agency BD-JhCC
Modifying agency BD-JhCC
041 ## - LANGUAGE CODE
Language code of Book ben
082 00 - DEWEY DECIMAL CLASSIFICATION NUMBER
Classification number 303
Author mark and Year SID 1985
100 1# - MAIN ENTRY--PERSONAL NAME
Personal name সিদ্দিকী, কামাল
245 10 - TITLE STATEMENT
Title পল্লী উন্নয়ন পরিভাষা /
Statement of responsibility, etc কামাল সিদ্দিকী
260 ## - PUBLICATION, DISTRIBUTION, ETC. (IMPRINT)
Place of publication, distribution, etc ঢাকা:
Name of publisher, distributor, etc বাংলা একাডেমী;
Date of publication, distribution, etc ১৯৮৫
300 ## - PHYSICAL DESCRIPTION
Pagination 80 p.;
Dimensions 22 cm
650 #0 - SUBJECT ADDED ENTRY--TOPICAL TERM
Topical term or geographic name as entry element Terminology of Rural Development
700 1# - ADDED ENTRY--PERSONAL NAME
Personal name Strange, Jerry D.
942 ## - ADDED ENTRY ELEMENTS (KOHA)
Source of classification or shelving scheme Dewey Decimal Classification
Koha item type Books
Holdings
Source of classification or shelving scheme Damaged status Not for loan Home library Current library Shelving location Date of accession Cost, normal purchase price Total Checkouts Full call number Barcode Date last seen Copy number Koha item type
Dewey Decimal Classification     JCC Rouf Library JCC Rouf Library General Stacks 11/29/2017 25.00   303 SID 1985 5484 11/29/2017 C-1 Books

JCC Library | Contacts | JCC Home

Last Update on 23 September 2017
Copyright @ 2017-2020 JCC Rouf Library
Rouf Library, Jhenidah Cadet College (JCC), Bangladesh